Statistics for Geography Link Quiz

Click here to take the quiz!

General Stats

  • This quiz has been taken 40 times
  • The average score is 17 of 26

Answer Stats

Answer% Correct
Capital city of Finland ?Helsinki
92%
Country whose capital is Belgrade ?Serbia
89%
Country whose former capital was Byzantium ?Turkey
89%
Country formerly known as Swaziland ?Eswatini
86%
Country of Pyongyang ?North Korea
86%
Country in which Trannsylvania is situated ?Romania
86%
US city that gave birth to the music label Motown ?Detroit
78%
Country that governs the Galapagos Islands ?Ecuador
75%
Italian city known as birthplace of pizza ?Naples
75%
Region of Italy in which Florence is situated ?Tuscany
75%
Country occupying the peninsula of Jutland ?Denmark
72%
Former name of Sri Lanka ?Ceylon
69%
Australian state whose capital is Melbourne ?Victoria
67%
US State that contains the city of Charlotte ?North Carolina
64%
Scottish city known as the 'City of Granite' ?Aberdeen
61%
Former name of Tokyo ?Edo
61%
US island territory in the Pacific ?Guam
61%
Country whose parliament is known as the Knesset ?Israel
61%
Capital city of Greenland ?Nuuk
58%
Autonomous region of Spain in which Seville is situated ?Andalucia
53%
English county that contains Sherwood Forest ?Nottinghamshire
47%
Island in the Pacific whose capital is Funafuti ?Tuvalu
47%
Country whose name translated means 'Mountain of Lions ' ?Sierra Leone
44%
City in the centre of the German region the Ruhr ?Essen
42%
Country whose parliament is known as Althing ?Iceland
42%
THE LINK BETWEEN ALL ANSWERSSt Vincent and The Grenadines (all the initial letters of all the answers )
14%

Score Distribution

Percentile by Number Answered

Percent of People with Each Score

Your Score History

You have not taken this quiz